000 00528nam a22001457a 4500
008 230530b |||||||| |||| 00| 0 eng d
020 _a9781636401683
050 _aG154
_b .M37 2020
100 _aMary, Apsara Saleth
245 _a The principles of travel agency and tour operation management/
_cApsara Saleth Mary
260 _a[Place of publication not identified],
_bWhite Falcon Publishing,
_c2021.
300 _a215 p. ;
_c23 cm
504 _aInclude Biblio. Ref.
942 _2lcc
_cBOOKS
_hG154 .M37 2020
999 _c31562
_d31562